In the age of the smart machine (Record no. 46554)

MARC details
000 -LEADER
fixed length control field 00608nam a2200181 a 4500
008 - FIXED-LENGTH DATA ELEMENTS--GENERAL INFORMATION
fixed length control field 120416s1988 ||||||||||||||||| || u
020 ## - INTERNATIONAL STANDARD BOOK NUMBER
International Standard Book Number 0434924881
050 ## - LIBRARY OF CONGRESS CALL NUMBER
Classification number HC 79.I55 Zub
100 ## - MAIN ENTRY--PERSONAL NAME
Personal name Zuboff, Shoshana
245 10 - TITLE STATEMENT
Title In the age of the smart machine
246 ## - VARYING FORM OF TITLE
Title proper/short title the future of work and power
260 ## - PUBLICATION, DISTRIBUTION, ETC.
Place of publication, distribution, etc. Oxford
Name of publisher, distributor, etc. Heinemann
Date of publication, distribution, etc. 1988
300 ## - PHYSICAL DESCRIPTION
Extent xv, 468p.
350 ## - PRICE (NR) (BK AM CF MU VM SE) [OBSOLETE]
Price 0.00
650 ## - SUBJECT ADDED ENTRY--TOPICAL TERM
Topical term or geographic name entry element INFORMATION MACHINES
650 ## - SUBJECT ADDED ENTRY--TOPICAL TERM
Topical term or geographic name entry element INFORMATION
995 ## - RECOMMENDATION 995 [LOCAL, UNIMARC FRANCE]
-- 0.00
-- CBU-MAIN LIBRARY (Kitwe)
-- 1
-- 12.95
-- 1
-- AVAILABLE
-- Main Library Open Access Collection
Holdings
Withdrawn status Lost status Source of classification or shelving scheme Damaged status Not for loan Home library Current library Shelving location Date acquired Total Checkouts Full call number Barcode Date last seen Price effective from Koha item type
          CBU-MAIN LIBRARY, KITWE. CBU-MAIN LIBRARY, KITWE.   11/30/2022   HC 79.I55 Zub 002408 11/30/2022 11/30/2022 MONOGRAPH